000 00392 a2200169 4500
000 nam a22 7a 4500
001 1940
005 20260410125603.0
020 _a978-234-23345-543
100 _aA.K. Verma
110 _aA.K. Verma
245 _aBasics of Computer Application
250 _a4TH
260 _bABC Publication
_c2026
264 _bABC Publication
_c2026
942 _cBK
999 _c1940
_d1940